Province italiane dominate da Venezia - Statistics

Statistiche generali
  • Questo quiz è stato fatto 47 volte
    33 dall'ultimo reset
  • Il punteggio medio è 14 su 16
Statistiche sulle risposte
Risposta % Corretto
Padova
100%
Trieste
100%
Udine
100%
Bergamo
96%
Brescia
96%
Gorizia
96%
Pordenone
96%
Venezia
96%
Belluno
93%
Rovigo
93%
Treviso
93%
Verona
93%
Vicenza
93%
Ravenna
75%
Rimini
61%
Crema
54%
Nessun quiz corrispondente trovato
Distribuzione punteggi
Percentuale di utenti per punteggio
Percentile per numero di risposta
I tuoi punteggi nel tempo
Non hai fatto questo quiz dall'ultimo reset